000 02228nam a2200217Ia 4500
999 _c36206
_d36206
003 OSt
005 20210310122107.0
008 160316s2015 xxu||||| |||| 00| 0 eng d
020 _a9789351451754
040 _cn
082 _a340.070000
_bMAL
100 _aMalik Abhinandan
245 _aMoot courts and mooting
260 _aLucknow
_bEastern Book Co.
_c2015
300 _a376p
_cxv
365 _bRs. 575
505 _aTable Of Contents: An Introduction to Mooting Moot Court Structure How to Produce a More Effective Memorial or Written Submission? Preparing for Oral Arguments What to Expect on Competition Day? Making Your Presentation on Competition Day APPENDICES Sample Invitation Letter 1st RMLNLU — SCC Online Media Law Moot Competition, 2013 — Invitation Letter Sample Competition Rules and Registration Form 1st RMLNLU — SCC Online Media Law Moot Court Competition, 2013 — Competition Rules Dr Paras Diwan Memorial National “Energy Law” Moot Court Competition, UPES — Competition Rules 1st RMLNLU — SCC Online Media Law Moot Court Competition, 2013 — Registration Form Sample Moot Problems 1st RMLNLU — SCC Online Media Law Moot Court Competition, 2013 — Moot Problem 2nd RMLNLU — SCC Online International Media Law Moot Court Competition, 2014 — Moot Problem The 2014 Philip C. Jessup International Law Moot Court Competition — Compromis Checkmate 2014 — The Army Institute of Law National Moot Court Competition — Moot Problem XVI All India Moot Court Competition, ULC — Moot Problem, 2012 XVI All India Moot Court Competition, ULC — Memorial for the Petitioner, 2012 XVI All India Moot Court Competition, ULC — Memorial for the Respondent, 2012 Sample Scoresheets Monroe E Price International Media Law Moot Court Competition —Memorial Scoresheet Philip C. Jessup International Law Moot Court Competition — Memorial Scoresheet Philip C. Jessup International Law Moot Court Competition — Oral Round Scoresheet Subject Index
650 _a1. Trial Practice2. Mooting Skills - Advocacy Skills 3. Lawyers - Professional Skill
700 _a
_a
942 _2ddc
_cBK